Score 0/67 Timer 10:00
0 Plays Today
% Correct
Delaware
80%
Luzerne
80%
Dauphin
80%
McKean
80%
(none)
60%
Northampton
60%
Schuylkill
60%
Greene
60%
Franklin
60%
Perry
60%
Juniata
60%
(none)
40%
Franklin
40%
Pike
40%
Bucks
40%
Cumberland
40%
Chester
40%
Butler
40%
Butler
40%
Greene
40%
(none)
40%
Lancaster
40%
Washington
40%
Lancaster
40%
Berks
40%
Lycoming
40%
Centre
40%
Franklin
40%
(none)
40%
York
40%
Indiana
40%
Westmoreland
40%
Erie
40%
(none)
40%
% Correct
(none)
20%
Huntingdon
20%
Clearfield
20%
(none)
20%
Fayette
20%
Wayne
20%
(none)
20%
(none)
20%
Columbia
20%
(none)
20%
(none)
20%
Blair
20%
(none)
20%
(none)
20%
(none)
20%
(none)
20%
Butler
20%
(none)
20%
Washington
20%
Allegheny
20%
Chester
20%
Erie
20%
Bradford
20%
(none)
20%
(none)
20%
Luzerne
20%
Clarion
20%
Clearfield
20%
Butler
20%
Clinton
20%
Fayette
20%
Tioga
0%
Juniata
0%
Come Together.
Have Fun.
All Virtual.
We all need to come together. Play Sporcle's virtual live trivia to have fun, connect with people, and get your trivia on. Join a live hosted trivia game for your favorite pub trivia experience done virtually. If a virtual private party is more your thing, go here for details.

You're not logged in!

Compare scores with friends on all Sporcle quizzes.
OR
Log In

Sporcle TV

Today on Sporcle TV


Watch our educational content, quiz creation guides, and fun videos on Sporcle TV.

Show Comments

Extras

Top Quizzes Today


Score Distribution

Paid Content

Your Account Isn't Verified!

In order to create a playlist on Sporcle, you need to verify the email address you used during registration. Go to your Sporcle Settings to finish the process.

Report this User

Report this user for behavior that violates our Community Guidelines.

Details: